| 000 | 00505nam a22001457a 4500 | ||
|---|---|---|---|
| 003 | SGT | ||
| 082 |
_a617.6342 _bE23C |
||
| 100 | _aChalana, Megha | ||
| 245 |
_aEffect of irrigation with Sodium Hydrochloride for different time durations on outcome of primary root canal treatment _bA Randomized controlled trial |
||
| 260 |
_aGurugram, Haryana _bSGT University _c2023 |
||
| 300 | _a101 | ||
| 650 | _aConservative Dentistry & Endodontics | ||
| 653 | _aConservative Dentistry & Endodontics | ||
| 942 |
_2ddc _cTH |
||
| 999 |
_c23734 _d23734 |
||